LEADER 01174cam2 2200313 450 001 E600200013924 005 20160520125419.0 010 $a881716710X 100 $a20051026d1989 |||||ita|0103 ba 101 $aita 102 $aIT 200 0 $a8: Libri XXXI-XXXIII$fTito Livio$gcon un saggio di F.W. Walbank$gtraduzione e note di Luca Cardinali 210 $aMilano$cRizzoli$d1989 215 $a492 p.$d18 cm. 225 2 $aBUR$hL 410 1$1001LAEC00027383$12001 $a*BUR. L 461 1$1001SOBE00052419$12001 $aStoria di Roma dalla sua fondazione / Tito Livio ; traduzione di Mario Scāndola ; note di Claudio Moreschini 700 1$aLivius$b, Titus$3A600200033180$4070$05194 702 1$aCardinali, Luca$3A600200033186$4070 702 1$aWalbank, F.W.$3A600200033187$4070 801 0$aIT$bUNISOB$c20160520$gRICA 850 $aUNISOB 852 $aUNISOB$j000|Coll|39|K$m64275 912 $aE600200013924 940 $aM 102 Monografia moderna SBN 941 $aW 957 $a000|Coll|39|K$b000270$i-8$gSi$d64275$racquisto$1pregresso1$2UNISOB$3UNISOB$420051026100415.0$520160520125419.0$6bethb 996 $a8: Libri XXXI-XXXIII$91672223 997 $aUNISOB LEADER 01667nam 22005655u 450 001 9910149651003321 005 20211006145144.0 010 $a9783318049787 010 $a3318049786 035 $a(CKB)3780000000102694 035 $a(OCoLC)1046111704 035 $a(SZ-BaSKA)220423 035 $a(MiAaPQ)EBC31866336 035 $a(Au-PeEL)EBL31866336 035 $a(EXLCZ)993780000000102694 100 $a20211006d1983 uy 0 101 0 $aeng 135 $aurunu||||| 181 $ctxt$2rdacontent 182 $cc$2rdamedia 183 $acr$2rdacarrier 200 10$aNew Aspects of Clinical Nutrition : $e4th Congress of the European Society of Parenteral and Enteral Nutrition (ESPEN), Vienna, September 1982: Proceedings / $f editors, G. Kleinberger, E. Deutsch 205 $a1st ed. 210 $aBasel : $cS. Karger, $d1983 215 $a1 online resource (X + 662 pages) : $c 203 figures, 113 tables 311 08$a9783805536837 311 08$a3805536836 606 $aNutrition 606 $aAnesthesiology 606 $aInternal Medicine 606 $aBiochemistry 606 $aClinical Nutrition 606 $aGastroenterology 606 $aHepatology 606 $aInfusion 615 14$aNutrition 615 14$aAnesthesiology 615 14$aInternal Medicine 615 24$aBiochemistry 615 24$aClinical Nutrition 615 24$aGastroenterology 615 24$aHepatology 615 24$aInfusion 700 $aKleinberger$b G$01215677 801 0$bUKSKG 801 1$bUKSKG 906 $aBOOK 912 $a9910149651003321 996 $aNew Aspects of Clinical Nutrition$92809047 997 $aUNINA